Statistics for Bulgaria in Eurovision - 12 points

Click here to take the quiz!

General Stats

  • This quiz has been taken 10 times
  • The average score is 35 of 38

Answer Stats

HintAnswer% Correct
2018 (Televote)Cyprus
100%
2018 SF (Televote)Cyprus
100%
2005Greece
100%
2006Greece
100%
2022 (Jury)Greece
100%
2007Greece
100%
2009Greece
100%
2021 (Jury)Moldova
100%
2021 SF (Jury)Moldova
100%
2006 SFRussia
100%
2016 (Televote)Russia
100%
2009 SFTurkey
100%
2010 SFTurkey
100%
2022 (Televote)Ukraine
100%
2022 SF (Televote)Ukraine
100%
2016 SF (Televote)Ukraine
100%
2008 SFUkraine
100%
2011United Kingdom
100%
2016 (Jury)Armenia
90%
2017 (Jury)Austria
90%
2018 (Jury)Austria
90%
2017 SF (Jury)Austria
90%
2010Azerbaijan
90%
2013Azerbaijan
90%
2013 SFAzerbaijan
90%
2005 SFBelarus
90%
2017 (Televote)France
90%
2008Germany
90%
2021 (Televote)Italy
90%
2012 SFSerbia
90%
2012Serbia
90%
2011 SFDenmark
80%
2017 SF (Televote)North Macedonia
80%
2007 SFNorth Macedonia
80%
2016 SF (Jury)Australia
70%
2018 SF (Jury)Belgium
70%
2021 SF (Televote)Finland
70%
2022 SF (Jury)Switzerland
70%

Score Distribution

Percentile by Number Answered

Percent of People with Each Score

Your Score History

You have not taken this quiz